Les 10 footballeurs les mieux payés au monde - Statistiques

Statistiques générales
  • Ce quiz a été pris 183 fois
  • Le résultat moyen est 7 sur 10
Statistiques - réponses
Salaire Joueur % Correct
239 M€ Cristiano Ronaldo
99%
111 M€ Lionel Messi
99%
81 M€ Kylian Mbappé
95%
68 M€ Erling Haaland
64%
89 M€ Karim Benzema
61%
51 M€ Vinicius Junior
59%
37 M€ Lamine Yamal
58%
47 M€ Mohamed Salah
47%
38 M€ Jude Bellingham
41%
46 M€ Sadio Mané
30%
Aucun quiz correspondant
Distribution des résultats
% des personnes avec chaque résultat
Percentile par nombre de réponses
Votre historique - résultats
Vous n’avez pas pris ce quiz